Directorio latinoamericano de matemáticas /
Guardado en:
| Autor Corporativo: | |
|---|---|
| Formato: | Libro |
| Idioma: | Spanish |
| Publicado: |
El Centro,
1967.
|
| Materias: | |
| Etiquetas: |
Agregar Etiqueta
Sin Etiquetas, Sea el primero en etiquetar este registro!
|
| LEADER | 00804cam a2200217 i 4500 | ||
|---|---|---|---|
| 001 | MAT.inmabb007091 | ||
| 008 | 791206s1967####uy#######r###i001#0#spa## | ||
| 005 | 20180228174030.0 | ||
| 245 | 1 | 0 | |a Directorio latinoamericano de matemáticas / |c Centro Regional de la Unesco para el Fomento de la Ciencia en América Latina. |
| 260 | ^ | a | |b El Centro, |c 1967. |
| 300 | |b graph ; |c 22 cm. | ||
| 500 | |n cludes indexes. | ||
| 510 | 4 | |a MR, |c *REVIEW #* | |
| 110 | 2 | |a Regional Center for the Advancement of Science in Latin America (Unesco) | |
| 043 | |a cl----- | ||
| 650 | ^ | a | |a thematicians |z Latin America |x Directories. |
| 650 | ^ | a | |a thematics |z Latin America |x Societies, etc. |x Directories. |
| 084 | |a 00A20 |2 msc2000 | ||
| 010 | |a 77155618 | ||
| 040 | |a DLC |c DLC |d DLC | ||
| 859 | |h 00A20 |i D598 |p A-2470 |b BIB. MATEMATICA | ||
